000 00795nam a22002291cc4500
001 a987674019+Teil2
035 _aa987674019
008 170707s1981 gw |||| 000u ger d
245 0 0 _aSozialgeschichte der deutschen Schule im Überblick
_nTeil 2
_p1918-1980
264 _aGöttingen :
_bVandenhoeck & Ruprecht,
_c1981
300 _a169 S.
336 _aText
_btxt
_2rdacontent
337 _aComputermedien
_bc
_2rdamedia
338 _aOnline-Ressource
_bcr
_2rdacarrier
650 0 _aSchulwesen <1918-1980>
_917650
246 1 2 _aSozialgeschichte der deutschen Schule im Überblick. 1918-1980
_nTeil 2
773 0 8 _wa987674019
_qTeil2
856 4 _uhttp://nbn-resolving.de/urn/resolver.pl?urn=urn:nbn:de:bvb:12-bsb00047862-2
942 _cEB
040 _cRU-10907106
003 RU-10907106
999 _c46039
_d46039